| 000 | 00796cam a22002653a 4500 | ||
|---|---|---|---|
| 001 | 8086 | ||
| 003 | PGUSA | ||
| 005 | 20140828083152.0 | ||
| 008 | 050501s2005||||xxu|||||s|||||000 1 eng d | ||
| 040 |
_aPGUSA _beng |
||
| 042 | _adc | ||
| 050 | 4 | _aPS | |
| 100 | 1 |
_aDoctorow, Cory, _d1971- |
|
| 245 | 1 | 0 |
_aDown and Out in the Magic Kingdom _h[electronic resource] / _cCory Doctorow |
| 260 |
_bProject Gutenberg, _c2005 |
||
| 506 | _aCopyrighted. Read the copyright notice inside this book for details. | ||
| 516 | _aElectronic text | ||
| 653 | _aScience fiction | ||
| 653 | _aFlorida -- Fiction | ||
| 653 | _aWalt Disney World (Fla.) -- Fiction | ||
| 653 | _aImmortalism -- Fiction | ||
| 830 | 0 |
_aProject Gutenberg _v8086 |
|
| 856 | 4 | 0 | _uhttp://www.gutenberg.org/ebooks/8086 |
| 942 | _cEB | ||
| 999 |
_c237386 _d237386 |
||